000 01082cam a2200289 i 4500
001 469
005 20251204162943.0
020 _a9784871876964
020 _a9780394800028
020 _a4871876969
040 _aEYP
_beng
_cEYP
_dOCLCO
_dDLC
_erda
_dDLC
050 0 0 _aPZ8.3.G276
_bCatv 1986
082 _a813.54
100 1 _aGeisel, Theodor Seuss
_cDr.,
_eauthor,
_eillustrator.
245 1 4 _aThe Cat in the Hat comes back! /
_cby Dr. Seuss.
260 _bRandom House
300 _a61 pages :
_bcolor illustrations ;
_c23 cm
505 _aF
520 _aThe Cat in the Hat returns for more out-of-control fun. It's a snowy day and Dick and Sally are stuck shoveling until the Cat in the Hat arrives to liven things up. Featuring the Cat's helpers Little Cat A, Little Cat B, and so on, and ending with a gigantic Voom.
521 _a450
_bLexile
521 _aF
_bRaz-Plus
650 0 _aCats
_vJuvenile fiction.
650 0 _aAlphabet books
_vJuvenile fiction.
650 0 _aStories in rhyme.
906 _a7
_bcbc
_ccopycat
_d2
_encip
_f20
_gy-gencatlg
942 _2ddc
_cBK
_n0
999 _c469
_d469